Les artistes ayant vendu plus de 115 millions d'albums dans le monde - Statistiques

Statistiques générales
  • Ce quiz a été pris 261 fois
  • Le résultat moyen est 11 sur 23
Statistiques - réponses
Rg Réponse Nb % Correct
4 Michael Jackson 230M
87%
2 Rihanna 280M
75%
1 Les Beatles 292M
72%
8 Madonna 173M
64%
5 Eminem 219M
63%
3 Elvis Pressley 233M
61%
17 Queen 128M
59%
23 AC/DC 115M
58%
6 Taylor Swift 200M
58%
7 Elton John 183M
53%
19 Céline Dion 128M
51%
11 Justin Bieber 153M
48%
15 Adèle 131M
41%
10 Mariah Carey 155M
34%
21 Pink Floyd 120M
34%
22 Whittney Houston 116M
33%
20 Kanye West 127M
31%
14 Katy Perry 138M
31%
16 Bruno Mars 130M
29%
12 Led Zeppelin 150M
25%
13 Les Eagles 149M
22%
18 Nicky Minaj 129M
14%
9 Garth Brooks 156M
8%
Aucun quiz correspondant
Distribution des résultats
% des personnes avec chaque résultat
Percentile par nombre de réponses
Votre historique - résultats
Vous n’avez pas pris ce quiz